Joc secund-Juego segundo

שמור ב:
מידע ביבליוגרפי
מחבר ראשי: Barbu, Ion
פורמט: ספר
שפה:Undetermined
יצא לאור: Bucarest, Rumania Minerva 1981
נושאים:
תגים: הוספת תג
אין תגיות, היה/י הראשונ/ה לתייג את הרשומה!

MARC

LEADER 00000nam a2200000Ia 4500
008 170316s9999 xx 000 0 und d
040 |a cru BVZT 
090 |a 859 B-2j 
100 |a Barbu, Ion 
245 |a Joc secund-Juego segundo 
260 |a Bucarest, Rumania 
260 |b Minerva 
260 |c 1981 
300 |a 269 páginas 
650 |a LITERATURA RUMANA 
999 |c 8237  |d 8237 
942 |c 15 D  |h 859 B-2j  |2 z